Normal view
MARC view
Entry Personal Name
001 - CONTROL NUMBER
- control field: 65705
003 - CONTROL NUMBER IDENTIFIER
- control field:
005 - DATE AND TIME OF LATEST TRANSACTION
- control field: 20210601182121.0
008 - FIXED-LENGTH DATA ELEMENTS
- fixed length control field: 210601|| aca||aabn | a|a d
040 ## - CATALOGING SOURCE
- Original cataloging agency:
- Transcribing agency:
100 ## - HEADING--PERSONAL NAME
- Personal name: Tippetts, Charles S.
- Fuller form of name: (Sanford)
- Dates associated with a name: 1893-
670 ## - SOURCE DATA FOUND
- Source citation: Work cat.: (): Tippetts, Charles S. (Sanford) 1893-, Business organization and public control/, 1949
